000 00718nam a2200289Ia 4500
005 20260324121728.0
008 008 260324s9999 xx 000 0 eng d
020 _a9780203797518
037 _aEBOOK
040 _aCRL
040 _beng
040 _cCRL
041 _2eng
041 _aeng
084 _qCRL
100 _aBianca J. Smith; Mark Woodward
_91163646
245 0 _aGender and Power in Indonesian Islam
245 0 _bLeaders, feminists, Sufis and pesantren selves
260 _bTaylor and Francis
260 _c2013
365 _a
365 _b265
856 _uhttp://www.taylorfrancis.com/books/9780203797518
942 _cEBOOK
999 _c1755928
_d1755928